000 00571nam a2200181Ia 4500
008 151018s9999 xx 000 0 und d
082 _bRBASDV21882
_a891.463
100 _aभाऊ पाध्ये
245 _aथोडी सी जो पी लो
250 _b1
260 _bसरस प्रकाशन
_c1986
300 _a164
600 _aभाऊ पाध्ये
630 _aथोडी सी जो पी लो
700 _aभाऊ पाध्ये
730 _aथोडी सी जो पी लो
942 _cBOOK
999 _c1021556
_d1021553